000
00291nam a2200121Ia 4500
005
20251222154331.0
008
251222s9999||||xx |||||||||||||| ||spa||
020
_a
84-7530-815-5
082
_a
320/S74
100
_a
"Spencer,Herbert"
245
0
_a
El individuo contra el estado
942
_c
LIB
999
_c
34170
_d
34170